Comercio, tipificación y standardización de granos : guía para la compra, venta, entrega y liquidación /
Guardado en:
| Autor Principal: | |
|---|---|
| Formato: | Libro |
| Publicado: |
Buenos Aires :
Sudamericana,
1945
|
| Materias: | |
| Etiquetas: |
Agregar Etiqueta
Sin Etiquetas, Sea el primero en etiquetar este registro!
|
| LEADER | 00799nam a22001935a 4500 | ||
|---|---|---|---|
| 001 | CEM.cems017713 | ||
| 005 | 20110922095740.0 | ||
| 008 | 130507s1945##################000#0#####d | ||
| 003 | CEMS | ||
| 082 | 0 | 4 | |a 338.17 |
| 100 | 1 | |a Palau, Alfredo | |
| 245 | 1 | 0 | |a Comercio, tipificación y standardización de granos : |b guía para la compra, venta, entrega y liquidación / |c Alfredo Palau |
| 260 | |a Buenos Aires : |b Sudamericana, |c 1945 | ||
| 300 | |a 236 p. | ||
| 505 | 0 | |a Zonas de comercialización -- Trigo -- Avena -- Cebada -- Centeno -- Arroz -- Lino -- Maní -- Mijo -- Girasol -- Nabo -- Alpiste -- Maíz -- Disposiciones generales | |
| 653 | |a Comercio de granos | ||
| 653 | |a Tipificación de granos | ||
| 653 | |a Standarización de granos | ||
| 859 | |a CEMS |b BIB. CEMS - Agricultura |h 338.17 |i P172 |p A13745.85 |t Ej.1 | ||
